Bài tập Địa lí 7

Sách bao gồm câu hỏi và bài tập được biên soạn trên cơ sở chương trình và sách giáo khoa môn Địa lí lớp 7 Sách giúp học sinh hiểu và nắm vững kiến thức cơ bản trong sách giáo khoa, các câu hỏi và bài tập trong sách giúp học sinh nâng cao kế...

Disgrifiad llawn

Wedi'i Gadw mewn:
Manylion Llyfryddiaeth
Prif Awdur: Nguyễn, Đình Tám
Fformat: Llyfr
Iaith:Undetermined
Cyhoeddwyd: Hà Nội Giáo dục 2009
Pynciau:
Tagiau: Ychwanegu Tag
Dim Tagiau, Byddwch y cyntaf i dagio'r cofnod hwn!
Thư viện lưu trữ: Trung tâm Học liệu Trường Đại học Cần Thơ
LEADER 01071nam a2200217Ia 4500
001 CTU_157883
008 210402s9999 xx 000 0 und d
020 |c 9800 
082 |a 910.712 
082 |b T104/L.7 
100 |a Nguyễn, Đình Tám 
245 0 |a Bài tập Địa lí 7 
245 0 |c Nguyễn Đình Tám, Trương Văn Hùng 
260 |a Hà Nội 
260 |b Giáo dục 
260 |c 2009 
520 |a Sách bao gồm câu hỏi và bài tập được biên soạn trên cơ sở chương trình và sách giáo khoa môn Địa lí lớp 7 Sách giúp học sinh hiểu và nắm vững kiến thức cơ bản trong sách giáo khoa, các câu hỏi và bài tập trong sách giúp học sinh nâng cao kết quả học tập và giáo viên đạt hiệu quả cao giảng dạy 
650 |a Geography 
650 |x Study and teaching (Secondary) 
904 |i Đào Thị Bé Ba (Bạch Trúc) 
980 |a Trung tâm Học liệu Trường Đại học Cần Thơ